| 000 | 00485nam a22001337a 4500 | ||
|---|---|---|---|
| 005 | 20241010104302.0 | ||
| 008 | 241010b |||||||| |||| 00| 0 eng d | ||
| 100 |
_aSeevak, Marina. _eauthor. _962683 |
||
| 245 |
_aBeautiful stuff treasure boxes : _bleveling the playing field / _cMarina Seevak. |
||
| 260 |
_aWashington; _bTaylor & Francis Group, _cMarch-April 2020. |
||
| 300 |
_aVolume 96, pages 68-71, _billustration. |
||
| 700 |
_aSeevak, Marina. _eauthor. _962684 |
||
| 942 |
_2ddc _cPER |
||
| 999 |
_c22421 _d22421 |
||